La cuestión de Puerto-Rico / (Record no. 156796)

MARC details
000 -LEADER
campo de control de longitud fija 00772nam a2200217 i 4500
001 - NÚMERO DE CONTROL
campo de control 156796
003 - IDENTIFICADOR DE NÚMERO DE CONTROL
campo de control ES-MaACL
005 - FECHA Y HORA DE LA ÚLTIMA TRANSACCIÓN
campo de control 20231227062553.0
008 - DATOS DE LONGITUD FIJA--INFORMACIÓN GENERAL
campo de control de longitud fija 981126s1870 sp |||| | spa d
080 ## - NÚMERO DE LA CLASIFICACIÓN DECIMAL UNIVERSAL
Número de la Clasificación Decimal Universal 34(729.5)
100 1# - ENTRADA PRINCIPAL--NOMBRE DE PERSONA
Nombre de persona Labra, Rafael M. de,
Fechas asociadas al nombre 1840-1918
9 (RLIN) 69273
245 13 - MENCIÓN DEL TÍTULO
Título La cuestión de Puerto-Rico /
Mención de responsabilidad, etc. por Rafael M. de Labra.
260 ## - PUBLICACIÓN, DISTRIBUCIÓN, ETC.
Lugar de publicación, distribución, etc. Madrid :
Nombre del editor, distribuidor, etc. [s.n.],
Fecha de publicación, distribución, etc. 1870 (
Fabricante Imp. a cargo de J.E. Morete)
300 ## - DESCRIPCIÓN FÍSICA
Extensión 119 p. ;
Dimensiones 23 cm.
594 ## - Nota al título y mención de responsabilidad
Nota al título y mención de responsabilidad Precede al tít.: Cuestiones de Ultramar.
650 #4 - PUNTO DE ACCESO ADICIONAL DE MATERIA--TÉRMINO DE MATERIA
Término de materia o nombre geográfico como elemento de entrada Derecho colonial-
Subdivisión geográfica Puerto Rico.
9 (RLIN) 141891
740 32 - ENTRADA AGREGADA--TÍTULO RELACIONADO/ANALÍTICO NO CONTROLADO
Título relacionado o analítico no controlado La cuestión de Puerto Rico.
852 4# - LOCALIZACIÓN
Ubicación ES-MaACL
Número de control de estantería T-119-F-7
Nota libre - Enc. hol., falto de cub. original
-- - Enc. en un vol. facticio
852 4# - LOCALIZACIÓN
Ubicación ES-MaACL
Número de control de estantería T-617-F-4
Holdings
Estatus retirado Estado de pérdida Estado de daño No para préstamo Colección Biblioteca de origen Biblioteca actual Ubicación en estantería Fecha de adquisición Total de préstamos Signatura topográfica completa Código de barras Visto por última vez Precio de reemplazo Tipo de ítem Koha Fuente de adquisición
        Colección de folletos Biblioteca del Ateneo de Madrid Biblioteca del Ateneo de Madrid Depósito folletos 17/01/2008   T-119-F-7 1164049 23/02/2023 23/02/2023 Folleto  
        Colección de folletos Biblioteca del Ateneo de Madrid Biblioteca del Ateneo de Madrid Depósito folletos 23/02/2018   T-617-F-4 1198409 23/02/2023 23/02/2023 Folleto